Bharatbarshar itihas (dwitiyo khanda): (Record no. 11900)

MARC details
000 -LEADER
fixed length control field 00537nam a22001937a 4500
005 - DATE AND TIME OF LATEST TRANSACTION
control field 20240829075643.0
008 - FIXED-LENGTH DATA ELEMENTS--GENERAL INFORMATION
fixed length control field 240829b |||||||| |||| 00| 0 eng d
020 ## - INTERNATIONAL STANDARD BOOK NUMBER
International Standard Book Number 9788119679737
040 ## - CATALOGING SOURCE
Original cataloging agency IN-DiNC
Transcribing agency IN-DiNC
041 ## - LANGUAGE CODE
Language code of sung or spoken text Assamese
082 ## - DEWEY DECIMAL CLASSIFICATION NUMBER
Classification number 954
Item number GOS
100 ## - MAIN ENTRY--PERSONAL NAME
Personal name Goswami, Pankaj
Relator term Author
245 ## - TITLE STATEMENT
Title Bharatbarshar itihas (dwitiyo khanda):
Remainder of title 300 BC-500 CE/
Statement of responsibility, etc. by Pankaj Goswami
250 ## - EDITION STATEMENT
Edition statement 1st ed.
260 ## - PUBLICATION, DISTRIBUTION, ETC.
Place of publication, distribution, etc. Jorhat:
Name of publisher, distributor, etc. Bidya bhawan,
Date of publication, distribution, etc. 2024.
300 ## - PHYSICAL DESCRIPTION
Extent 330p.
650 ## - SUBJECT ADDED ENTRY--TOPICAL TERM
Topical term or geographic name entry element History of India (300BC-500CE
942 ## - ADDED ENTRY ELEMENTS (KOHA)
Source of classification or shelving scheme Dewey Decimal Classification
Koha item type Books
Holdings
Withdrawn status Lost status Source of classification or shelving scheme Damaged status Not for loan Collection code Home library Current library Shelving location Date acquired Cost, normal purchase price Total Checkouts Full call number Barcode Date last seen Date last checked out Copy number Price effective from Koha item type Date due
    Dewey Decimal Classification     History Naharkatiya College Library Naharkatiya College Library General Stacks 29/08/2024 300.00 7 954 GOS 30277 29/11/2025 17/10/2025 1 29/08/2024 Books  
    Dewey Decimal Classification     History Naharkatiya College Library Naharkatiya College Library General Stacks 29/08/2024 300.00 1 954 GOS 30278 13/03/2025 13/03/2025 2 29/08/2024 Books 02/04/2025

Naharkatiya College © 2020. All rights reserved.

Powered By